Countries With The Most Olympic Gold Medals - Statistics

General Stats
  • This quiz has been taken 58 times
  • The average score is 12 of 15
Answer Stats
# Of Medals Country % Correct
272 France
98%
186 Japan
98%
279 People's Republic Of China
98%
1,180 United States Of America
98%
351 Germany
94%
263 Italy
94%
167 Australia
92%
145 Canada
92%
304 Great Britain
92%
473 Soviet Union
83%
214 Sweden
83%
207 Norway
81%
184 Hungary
48%
192 East Germany
38%
196 Russian Federation
8%
No matching quizzes found
Score Distribution
Percent of People with Each Score
Percentile by Number Answered
Your Score History
You have not taken this quiz